A don Pablo (Record no. 9173)

MARC details
000 -LEADER
campo de control de longitud fija 00825nam a2200241 i 4500
001 - NÚMERO DE CONTROL
campo de control 9173
003 - IDENTIFICADOR DE NÚMERO DE CONTROL
campo de control ES-MaACL
005 - FECHA Y HORA DE LA ÚLTIMA TRANSACCIÓN
campo de control 20240205170332.0
007 - CAMPO FIJO DE DESCRIPCIÓN FÍSICA--INFORMACIÓN GENERAL
campo de control de longitud fija t|
008 - DATOS DE LONGITUD FIJA--INFORMACIÓN GENERAL
campo de control de longitud fija 930521s1985 fr a |||| |dfre d
080 ## - NÚMERO DE LA CLASIFICACIÓN DECIMAL UNIVERSAL
Número de la Clasificación Decimal Universal 75 Clavé, Antoni (083.824)
080 ## - NÚMERO DE LA CLASIFICACIÓN DECIMAL UNIVERSAL
Número de la Clasificación Decimal Universal 929 Picasso, Pablo
100 1# - ENTRADA PRINCIPAL--NOMBRE DE PERSONA
Nombre de persona Clavé, Antoni.
9 (RLIN) 39110
245 10 - MENCIÓN DEL TÍTULO
Título A don Pablo
Resto del título : hommage á Picasso : 13 peintures et collages de Antoni Clavé : Galerie Regards, 22 mai-22 juin 1985.
260 ## - PUBLICACIÓN, DISTRIBUCIÓN, ETC.
Lugar de publicación, distribución, etc. Paris :
Nombre del editor, distribuidor, etc. Galerie Regards,
Fecha de publicación, distribución, etc. 1985.
300 ## - DESCRIPCIÓN FÍSICA
Extensión [30] p. :
Otras características físicas principalmente il. col. ;
Dimensiones 30 cm.
600 14 - PUNTO DE ACCESO ADICIONAL DE MATERIA--NOMBRE DE PERSONA
Nombre de persona Clavé, Antoni-
Subdivisión de forma Exposiciones.
9 (RLIN) 39111
600 14 - PUNTO DE ACCESO ADICIONAL DE MATERIA--NOMBRE DE PERSONA
Nombre de persona Picasso, Pablo,
Fechas asociadas al nombre 1881-1973-
Subdivisión de forma Homenajes
9 (RLIN) 91798
655 #7 - TERMINO DE INDIZACIÓN--GENERO/FORMA
Fuente del término tgfbne
9 (RLIN) 193628
Datos o término principal de género/forma Catálogos de exposiciones
852 ## - LOCALIZACIÓN
Ubicación ES-MaACL
Número de control de estantería L-16673
942 ## - ELEMENTOS DE ENTRADA SECUNDARIOS (KOHA)
Fuente del sistema de clasificación o colocación Clasificación decimal universal
Holdings
Estatus retirado Estado de pérdida Estado de daño No para préstamo Biblioteca de origen Biblioteca actual Ubicación en estantería Fecha de adquisición Fuente de adquisición Total de préstamos Signatura topográfica completa Código de barras Visto por última vez Precio de reemplazo Tipo de ítem Koha
        Biblioteca del Ateneo de Madrid Biblioteca del Ateneo de Madrid Depósito 2 17/01/2008     L-16673 1009362 23/02/2023 23/02/2023 Libro impreso